000 00461cam a22001337a 4500
008 180718b1992 xxu||||| |||| 00| 0 eng d
082 _aT19x5491 F49
100 _aHaque, Nadeem Ul
245 _aExchange-rate poliicy in Pakistan: recent experience and prospects
260 _aKarachi
_bOxford
_c1992
300 _ap 135-162
500 _a[In] Financing Pakistan's development in the 1990s, edited by Anjum Nasim
650 _aForeign Exchange - Policy - Pakistan
999 _c367917
_d367917